[Event "JUG-ch"]
[Site "Zagreb"]
[Date "1977.??.??"]
[Round "2"]
[White "Martinovic, Slobodan"]
[Black "Nikolac, Juraj"]
[Result "1-0"]
[WhiteElo "2415"]
[BlackElo "2475"]

1.Nf3 d5 2.g3 c6 3.Bg2 Bg4 4.b3 Nd7 5.O-O e5 6.Bb2 Bd6 7.d3 Ne7 8.c4 f6 9.cxd5 cxd5
10.Nc3 O-O 11.Nd2 Nb6 12.h3 Bh5 13.Nb5 Bb4 14.a3 Qd7 15.Nc3 Bc5 16.Rc1 Rac8
17.Kh2 a5 18.Nf3 Bd6 19.Qd2 Bf7 20.e3 Be6 21.Rfe1 g5 22.Qd1 Ng6 23.Nd2 Be7
24.e4 d4 25.Ne2 a4 26.b4 Bd6 27.Nf3 Kg7 28.Qd2 h5 29.h4 g4 30.Nfg1 Na8 31.Rf1 Rxc1
32.Bxc1 Rh8 33.Bb2 Nc7 34.f4 gxf3 35.Nxf3 Bg4 36.Neg1 Ne6 37.Nh3 Kh7 38.Nf2 Bf8
39.Qc2 Bh6 40.Bc1 Rc8 41.Qb2 Rc3 42.Bxh6 Kxh6 43.Nxg4+ hxg4 44.Ne1 Qg7 45.Rf5 Ne7
46.Rf2 Kg6 47.Rc2 Rb3 48.Qc1 Kf7 49.Bf1 Nc6 50.Be2 Na7 51.Qd1 Nb5 52.Bxg4 Nc3
53.Qf3 Nf8 54.Qf5 Rxa3 55.Nf3 Kg8 56.Qc8 Ra1 57.Nxe5 fxe5 58.Rf2 Qe7 59.Be6+ Kg7
60.Bc4 b5 61.Qg4+ Ng6 62.h5 bxc4 63.Qxg6+ Kh8 64.Rf7 Ra2+ 65.Kh3 Qxf7 66.Qxf7  1-0

[Event "JUG-ch"]
[Site "Zagreb"]
[Date "1977.??.??"]
[Round "3"]
[White "Brkljaca, Ante"]
[Black "Raicevic, Vladimir"]
[Result "1-0"]
[WhiteElo "2450"]
[BlackElo "2470"]

1.Nf3 d5 2.g3 Nf6 3.Bg2 Bf5 4.O-O h6 5.d3 e6 6.c4 c6 7.b3 Be7 8.Bb2 O-O 9.Nbd2 Bh7
10.Rc1 Re8 11.Rc2 a5 12.a3 Nbd7 13.Qa1 Bd6 14.Ne5 Nxe5 15.Bxe5 Bxe5 16.Qxe5 Qe7
17.Qb2 e5 18.cxd5 Nxd5 19.Rfc1 Nc7 20.Rc5 f6 21.b4 axb4 22.axb4 Bg6 23.Ra5 Bf7
24.Ne4 Rad8 25.Nc3 Rd4 26.Rb1 Red8 27.b5 b6 28.Ra7 c5 29.Bb7 c4 30.dxc4 Qc5
31.Bc6 Ne6 32.Bd5 R4xd5 33.Nxd5 Nd4 34.Ne7+ Kh8 35.Nc6 Bxc4 36.Nxd4 exd4
37.Rc1 Re8 38.Qc2 Bxe2 39.Qxc5 bxc5 40.b6 Rd8 41.Rc7 Rb8 42.b7 Kh7 43.R1xc5 Ba6
44.R5c6 Bxb7 45.Rb6 d3 46.Rbxb7 d2 47.Rxg7+ Kh8 48.Rxb8+  1-0

[Event "JUG-ch"]
[Site "Zagreb"]
[Date "1977.??.??"]
[Round "11"]
[White "Martinovic, Slobodan"]
[Black "Kurajica, Bojan"]
[Result "0-1"]
[WhiteElo "2415"]
[BlackElo "2530"]

1.Nf3 d5 2.g3 Nf6 3.Bg2 e6 4.O-O Be7 5.d3 O-O 6.Nbd2 c5 7.e4 Nc6 8.Re1 b5
9.exd5 exd5 10.d4 Qb6 11.a4 bxa4 12.Rxa4 cxd4 13.Nb3 Bb4 14.Bd2 Bxd2 15.Qxd2 Ne4
16.Qd3 Bd7 17.Ra6 Qc7 18.Ra3 Nb4 19.Qxd4 Nxc2 20.Rc1 Rac8 21.Qxa7 Qd8 22.Ra5 Be6
23.Rd1 Rb8 24.Nc5 Nxc5 25.Qxc5 Rxb2 26.Rb5 Ra2 27.Qc3 d4 28.Nxd4 Nxd4 29.Rxd4 Qf6
30.Rb2 Ra1+ 31.Bf1 Bh3  0-1

[Event "IBM"]
[Site "Amsterdam"]
[Date "1978.??.??"]
[Round "3"]
[White "Dzindzichashvili, Roman"]
[Black "Ree, Hans"]
[Result "1/2-1/2"]
[WhiteElo "2550"]
[BlackElo "2500"]

1.Nf3 d5 2.g3 c5 3.Bg2 Nc6 4.O-O e5 5.d3 Nf6 6.e4 dxe4 7.dxe4 Qxd1 8.Rxd1 Bg4
9.Na3 Nd4 10.Rd3 Nd7 11.c3 Nxf3+ 12.Bxf3 Be6 13.Rd1 O-O-O 14.Be2 Nb6 15.Rxd8+ Kxd8
16.Be3 Be7 17.b3 a6 18.Nb1 Nd7 19.Nd2 Kc7 20.a4 g6 21.Bc4 Bxc4 22.Nxc4 b6
23.f4 exf4 24.Bxf4+ Kc6 25.Rd1 Rd8 26.Kg2 b5 27.axb5+ axb5 28.Ne3 Nb6 29.Rxd8  1/2-1/2

[Event "IBM-B"]
[Site "Amsterdam"]
[Date "1978.??.??"]
[Round "5"]
[White "Kirov, Nino"]
[Black "Bohm, Hans"]
[Result "1-0"]
[WhiteElo "2465"]
[BlackElo "2410"]

1.Nf3 d5 2.g3 c6 3.Bg2 Bf5 4.c4 e6 5.cxd5 exd5 6.O-O Nf6 7.d3 Be7 8.Nd4 Bg4
9.h3 Bd7 10.e4 O-O 11.Nc3 Qb6 12.Nde2 dxe4 13.dxe4 Rd8 14.Qc2 Na6 15.a3 Be6
16.b4 Nc7 17.Be3 Qa6 18.Nd4 Qc4 19.Rfc1 Nb5 20.Ncxb5 Qxc2 21.Rxc2 cxb5 22.Nxb5 a6
23.Nc7 Rac8 24.Rac1 Bb3 25.Rc3 Rd1+ 26.Rxd1 Bxd1 27.e5  1-0

[Event "FRG-ch"]
[Site "Bad Neuenahr"]
[Date "1978.??.??"]
[Round "2"]
[White "Podzielny, Karl Heinz"]
[Black "Pachman, Ludek"]
[Result "1/2-1/2"]
[WhiteElo "2315"]
[BlackElo "2515"]

1.Nf3 d5 2.g3 c6 3.Bg2 Bg4 4.O-O Nd7 5.d3 Ngf6 6.Nbd2 e6 7.b3 Bc5 8.Bb2 O-O
9.h3 Bxf3 10.Bxf3 e5 11.e4 dxe4 12.dxe4 Qc7 13.Qe2 Rfe8 14.a4 Nf8 15.Nc4 b5
16.Ne3 Ne6 17.Ng4 Nxg4 18.Bxg4 Nd4 19.Qd3 Rad8 20.Kg2 g6 21.h4 h5 22.Bd1 a6
23.Qe3 Ne6 24.Qe1 Rd7 25.b4 Bf8 26.c3 c5 27.axb5 axb5 28.Ra5 Qc6 29.Bb3 cxb4
30.cxb4 Nd4 31.Bxd4 exd4 32.f3 d3 33.Qc1 Qb6 34.Qg5 Rb8  1/2-1/2

[Event "Beersheba"]
[Site "Beersheba"]
[Date "1978.??.??"]
[Round "3"]
[White "Keene, Raymond D"]
[Black "Bleiman, Yaacov"]
[Result "1/2-1/2"]
[WhiteElo "2480"]
[BlackElo "2440"]

1.Nf3 d5 2.g3 Nf6 3.Bg2 c6 4.O-O Bf5 5.b3 e6 6.Bb2 Be7 7.c4 O-O 8.d3 h6 9.Nbd2 Nbd7
10.a3 Bh7  1/2-1/2

[Event "Buenos Aires ol (Men)"]
[Site "Buenos Aires"]
[Date "1978.??.??"]
[Round "?"]
[White "Masculo, Jose"]
[Black "Diaz, Serrano"]
[Result "1-0"]
[WhiteElo "2200"]
[BlackElo "2205"]

1.g3 d5 2.Nf3 Nf6 3.Bg2 Bf5 4.c4 c6 5.cxd5 cxd5 6.Qb3 Qc8 7.Nc3 e6 8.d3 Nc6
9.Bf4 Bb4 10.O-O O-O 11.Rac1 Bxc3 12.Rxc3 Qd7 13.Ne5 Nxe5 14.Bxe5 Rac8 15.Rfc1 Rfd8
16.Bc7 Re8 17.Qxb7 Rb8 18.Qxb8 Rxb8 19.Bxb8 h6 20.b3 a6 21.h3 Kh7 22.Be5 Ne8
23.Rc6 a5 24.Ra6 f6 25.Bc3 Nd6 26.Rxa5 Nf7 27.Bd4 Bg6 28.Ra7 Qe8 29.Rcc7 e5
30.Bb2 e4 31.Re7 exd3 32.exd3 Qb5 33.Bf1 Kg8 34.h4 Qb4 35.Bc1 Qd4 36.Rec7 Bh5
37.Bd2 Qg4 38.Be3 d4 39.Bc1 Qd1 40.Bb2 Qg4 41.Re7  1-0

[Event "Buenos Aires ol (Men)"]
[Site "Buenos Aires"]
[Date "1978.??.??"]
[Round "?"]
[White "Giardelli, Sergio C"]
[Black "Donoso Velasco, Pedro H"]
[Result "0-1"]
[WhiteElo "2315"]
[BlackElo "2405"]

1.g3 d5 2.Nf3 Nf6 3.Bg2 c5 4.c4 e6 5.O-O Nc6 6.cxd5 exd5 7.d4 Be7 8.b3 O-O
9.Bb2 Re8 10.Nc3 Bg4 11.dxc5 Bxc5 12.Rc1 Bb6 13.Na4 Ne4 14.Nxb6 axb6 15.a3 Qd7
16.Nd4 Nc5 17.Re1 Rad8 18.Rc2 Ne5 19.Qd2 Bh3 20.Rd1 Bxg2 21.Kxg2 Qg4 22.Qf4 Qg6
23.Nf5 f6 24.Ne3 d4 25.Bxd4 Ne6 26.Qh4 Nc6 27.Rxc6 bxc6 28.Bxb6 Rxd1 29.Nxd1 Qc2
30.Ne3 Qxb3 31.Nc4 Qd1 32.Qe4 Qd5 33.Qxd5 cxd5 34.Ne3 d4 35.Nf5 Rb8 36.Bxd4 g6
37.Ne7+ Kf7 38.Nc6 Rc8 39.Na7 Rc2 40.Be3 Rxe2 41.Nb5 Ra2 42.Kf3 f5 43.h4 Kf6
44.Bc1 Rc2 45.Be3 Ke5 46.Kg2 f4 47.gxf4+ Nxf4+ 48.Kf3 Ne6 49.a4 Ra2 50.Nc3 Ra3
51.Ne2 Rxa4 52.Kg3 h5 53.f3  0-1

[Event "Buenos Aires ol (Men)"]
[Site "Buenos Aires"]
[Date "1978.??.??"]
[Round "?"]
[White "Dzindzichashvili, Roman"]
[Black "Rodriguez, R."]
[Result "1/2-1/2"]
[WhiteElo "2550"]
[BlackElo "2415"]

1.Nf3 d5 2.g3 c5 3.Bg2 Nc6 4.O-O Nf6 5.d4 e6 6.c4 Be7 7.cxd5 exd5 8.Nc3 O-O
9.Be3 cxd4 10.Nxd4 Bg4 11.h3 Be6 12.Qa4 Bd7 13.Rad1 h6 14.Nxc6 bxc6 15.Qc2 Qc8
16.Kh2 Bf5 17.Qc1 Qa6 18.Bd4 Rfe8 19.Rfe1 Bd8 20.f3 Rc8 21.e4 Be6 22.e5 Nd7
23.f4 f6 24.exf6 Bxf6 25.Bxf6 Nxf6 26.Re5 Nd7 27.Ree1 Bf7 28.Qd2 Nf6 29.b3 Red8
30.Re5 Qa3 31.Na4 Nd7 32.Re2 Nb6 33.Nc3 Re8 34.Rde1 Rxe2 35.Rxe2 Re8 36.Rxe8+ Bxe8
37.Ne2 Qe7 38.Nd4 c5 39.Nf5 Qd7 40.Ne3 Bf7 41.Ng4 Be6 42.Ne5 Qc7 43.Qd3 c4
44.bxc4 dxc4 45.Qg6 Bf7 46.Qf5 Qe7 47.Be4 Qe6 48.Qh7+ Kf8 49.Qh8+ Bg8 50.Bh7 c3  1/2-1/2

[Event "Buenos Aires ol (Men)"]
[Site "Buenos Aires"]
[Date "1978.??.??"]
[Round "?"]
[White "Ribli, Zoltan"]
[Black "Ljubojevic, Ljubomir"]
[Result "1-0"]
[WhiteElo "2585"]
[BlackElo "2605"]

1.Nf3 d5 2.g3 c5 3.Bg2 Nc6 4.d4 e6 5.O-O Nf6 6.c4 dxc4 7.Qa4 Bd7 8.Qxc4 cxd4
9.Nxd4 Rc8 10.Nc3 Nxd4 11.Qxd4 Bc5 12.Qh4 Bc6 13.Rd1 Qb6 14.Bxc6+ Rxc6 15.Bh6 Bf8
16.Rd2 e5 17.Be3 Qa6 18.Rad1 Be7 19.Qg5 O-O 20.Qxe5 Bb4 21.Rd8 Rc8 22.Rxc8 Rxc8
23.Qd4 Ba5 24.Qxa7 Bxc3 25.bxc3 Qb5 26.Qb6 Qa4 27.Rd8+ Rxd8 28.Qxd8+ Ne8
29.f3 h6 30.Kf2 Qc6 31.c4 Qa4 32.Qc8 Kh7 33.c5 Qb5 34.a4 Qxa4 35.Qxb7 Qc4
36.Qe4+ Qxe4 37.fxe4 g5 38.c6 f6 39.Bb6 Kg6 40.Ke3 Kf7 41.Kd4 Ke6 42.Bd8 g4
43.c7 Nd6 44.Kc5 Kd7 45.Kd5 Nb5 46.e5 fxe5 47.Kxe5 Nc3 48.e4 Nd1 49.Kf6  1-0

[Event "Buenos Aires ol (Men)"]
[Site "Buenos Aires"]
[Date "1978.??.??"]
[Round "?"]
[White "Dzindzichashvili, Roman"]
[Black "Hebert, Jean"]
[Result "1-0"]
[WhiteElo "2550"]
[BlackElo "2255"]

1.Nf3 d5 2.g3 Nf6 3.Bg2 Bg4 4.c4 c6 5.Ne5 Bh5 6.cxd5 cxd5 7.Nc3 e6 8.Qa4+ Nbd7
9.g4 Bg6 10.h4 Bd6 11.Nxd7 Qxd7 12.Qxd7+ Kxd7 13.h5 Bc2 14.d3 Nxg4 15.Kd2 d4
16.Kxc2 dxc3 17.bxc3 Rab8 18.f3 Nf6 19.e4 g6 20.hxg6 hxg6 21.Be3 Rxh1 22.Rxh1 Nh5
23.d4 b5 24.e5 Bf8 25.Rb1 Ng3 26.Bf2 Nf5 27.Bf1 a6 28.a4 Kc6 29.axb5+ axb5
30.c4 b4 31.f4 Bh6 32.Bg2+ Kc7 33.Ra1 b3+ 34.Kb2 Kd8 35.Ra7 Ke8 36.c5 Bxf4
37.Bc6+ Kf8 38.Bb7 Ne3 39.Kxb3 f6 40.Ka4 fxe5 41.Bxe3 Bxe3 42.c6 Bxd4 43.Ra6  1-0

[Event "Buenos Aires ol (Women)"]
[Site "Buenos Aires"]
[Date "1978.??.??"]
[Round "?"]
[White "Szmacinska, Grazyna"]
[Black "Bengtsson, Siv"]
[Result "1-0"]
[WhiteElo "2180"]
[BlackElo "2000"]

1.Nf3 d5 2.g3 c5 3.Bg2 Nc6 4.d3 g6 5.O-O Bg7 6.Nc3 Nf6 7.Rb1 O-O 8.a3 Bg4
9.h3 Bd7 10.Bg5 d4 11.Na4 b6 12.c4 dxc3 13.Nxc3 Qc8 14.Kh2 Rd8 15.Qd2 c4
16.d4 Bf5 17.Rbd1 Ne4 18.Nxe4 Bxe4 19.Qf4 Qe6 20.Bh6 Bf6 21.Rd2 Rac8 22.Rfd1 Na5
23.h4 Qd5 24.Bh3 Rb8 25.Ne5 Bf5 26.Bxf5 gxf5 27.Qxf5 Nb3 28.Qg4+ Kh8 29.e4 Qe6
30.Qxe6 fxe6 31.Nf7+ Kg8 32.Nxd8 Nxd2 33.Nc6 Rc8 34.Nxe7+ Bxe7 35.Bxd2 Rf8
36.Kg2 b5 37.f4 h5 38.Bb4 Bxb4 39.axb4 Rc8 40.d5 c3 41.bxc3  1-0

[Event "Buenos Aires ol (Women)"]
[Site "Buenos Aires"]
[Date "1978.??.??"]
[Round "?"]
[White "Weichert Jorger, Hannelore"]
[Black "Garcia Padron, Mary Pino"]
[Result "0-1"]
[WhiteElo "2030"]
[BlackElo "2000"]

1.Nf3 d5 2.g3 Nf6 3.Bg2 Bf5 4.d3 g6 5.O-O Bg7 6.Nbd2 O-O 7.Nh4 Bd7 8.e4 c6
9.c3 Na6 10.e5 Ne8 11.d4 Qc8 12.Re1 Nec7 13.Nf1 Bh3 14.Ne3 Bxg2 15.Nhxg2 Qd7
16.b4 b6 17.a4 Rac8 18.Nf4 Rfd8 19.Nd3 Ne6 20.Bb2 c5 21.b5 Nb8 22.f4 a6 23.bxa6 Nxa6
24.Qf3 Nb8 25.Red1 cxd4 26.cxd4 Nc6 27.Ne1 Na5 28.N1g2 Nc7 29.Rdc1 Nb3 30.Qd1 Nxa1
31.Rxa1 Ra8 32.Qb3 Rdb8 33.Bc3 b5 34.a5 Bf8 35.Ne1 b4 36.Bb2 Qb5 37.Nd3 e6
38.Rc1 Qxa5 39.g4 Nb5 40.Qd1 Nc3  0-1

[Event "Buenos Aires ol (Men)"]
[Site "Buenos Aires"]
[Date "1978.??.??"]
[Round "?"]
[White "Sznapik, Aleksander"]
[Black "Preissmann, Emmanuel"]
[Result "1-0"]
[WhiteElo "2430"]
[BlackElo "2320"]

1.Nf3 d5 2.g3 Nf6 3.Bg2 e6 4.c4 Be7 5.O-O O-O 6.b3 c5 7.Bb2 Nc6 8.e3 Qb6
9.Na3 d4 10.exd4 cxd4 11.Qe2 Nd7 12.c5 Bxc5 13.Nc4 Qd8 14.Rac1 Re8 15.b4 Nxb4
16.Nxd4 Nxa2 17.Ra1 Nb4 18.Nb5 Nc6 19.d4 Bb4 20.Ncd6 Re7 21.Ne4 Nb6 22.Rfd1 Nd5
23.Nc5 a6 24.Nd3 Ba5 25.Na3 Nc3 26.Qh5 g6 27.Qh6 Nd5 28.Nc4 Bc7 29.Ba3 Re8
30.Nde5 Qf6 31.Re1 Qg7 32.Qd2 Rd8 33.Ng4 h5 34.Nge5 Nce7 35.g4 hxg4 36.Nxg4 Nf5
37.Nce5 Bd7 38.Bxd5 exd5 39.Rac1 Rac8 40.Qg5 Bxe5 41.dxe5 Be6 42.Nf6+ Kh8
43.Re3 Nh6 44.Rec3 Rxc3 45.Rxc3 d4 46.Rd3 Bf5 47.Rf3 d3 48.Bc1 Rd4 49.Rf4 Rxf4
50.Bxf4 a5 51.e6 fxe6 52.Be5 d2 53.Qxd2 Nf7 54.Qxa5  1-0

[Event "ARG-ch"]
[Site "Buenos Aires"]
[Date "1978.??.??"]
[Round "?"]
[White "Quinteros, Miguel A"]
[Black "Garcia, Horacio"]
[Result "1/2-1/2"]
[WhiteElo "2480"]
[BlackElo "2350"]

1.Nf3 d5 2.g3 Nf6 3.Bg2 c6 4.d3 Bg4 5.h3 Bxf3 6.Bxf3 e6 7.Nd2 Bc5 8.e3 O-O
9.O-O Nbd7 10.Qe2 Qc7 11.Bg2 e5 12.e4 Rfe8 13.Nf3 Nf8 14.c3 dxe4 15.dxe4 Ne6
16.b4 Bf8 17.a3 a5 18.Bb2 Nd7 19.Rfd1 Nb6 20.c4 f6 21.c5 Na4 22.Rab1 Nxb2
23.Rxb2 b6  1/2-1/2

[Event "URS-ch sf"]
[Site "Daugavpils"]
[Date "1978.??.??"]
[Round "?"]
[White "Petrosian, Arshak B"]
[Black "Krivonosov, Oleg"]
[Result "1-0"]
[WhiteElo "2415"]
[BlackElo "2200"]

1.Nf3 d5 2.g3 Nf6 3.Bg2 Bg4 4.c4 c6 5.Ne5 Bf5 6.cxd5 cxd5 7.Nc3 e6 8.g4 Bg6
9.h4 Bd6 10.Qa4+ Ke7 11.d4 h5 12.Nxg6+ fxg6 13.g5 Nfd7 14.Nb5 Nb6 15.Qc2 Rf8
16.Qxg6 Bb4+ 17.Nc3 Qe8 18.Qxg7+ Rf7 19.Qg6 Nc6 20.Qd3 Qh8 21.a3 Qxd4 22.Qg3 Rxf2
23.Be3 Rxe2+ 24.Kxe2 Qc4+ 25.Kd1 Qd3+ 26.Kc1 Bd6 27.Bf1 Qxf1+ 28.Rxf1 Bxg3
29.Ne2 Bd6 30.Nf4 Nc4 31.Ng6+ Ke8 32.Bf4 e5 33.b3 N4a5 34.Kb2 exf4 35.Rae1+ Kd7
36.Nxf4 Be5+ 37.Ka2 Kd6 38.Ng6 Bc3 39.Rf6+ Kd7 40.Rf7+ Kd6 41.Re3 d4 42.Re4 d3
43.Rf3 d2 44.Rd3+ Kc7 45.Nf4 Ne5 46.Rxc3+ Nac6 47.Rd4  1-0

[Event "URS-ch sf"]
[Site "Daugavpils"]
[Date "1978.??.??"]
[Round "?"]
[White "Petrosian, Arshak B"]
[Black "Ivanov, Igor V"]
[Result "0-1"]
[WhiteElo "2415"]
[BlackElo "2415"]

1.Nf3 d5 2.g3 g6 3.d4 Nf6 4.Bg2 Bg7 5.c4 dxc4 6.Na3 c3 7.bxc3 O-O 8.O-O c5
9.Ne5 Nd5 10.Bd2 Nc6 11.Nxc6 bxc6 12.e3 Be6 13.Nc2 Rb8 14.e4 Nb6 15.Bf4 Rc8
16.Qc1 cxd4 17.cxd4 Bxd4 18.Nxd4 Qxd4 19.Qa3 Qd7 20.Rfd1 Qb7 21.h4 f6 22.Bf1 c5
23.Ba6 Qxe4 24.Re1 Qc6 25.Bxc8 Rxc8 26.Qe3 Bh3 27.Qe4 e5 28.Qxc6 Rxc6 29.Be3 Bf5
30.a4 Bd3 31.Ra3 e4 32.Rc1 c4 33.a5 Nc8 34.a6 Kf7 35.Rcc3 Ke6 36.Ra5 Rc7
37.Bf4 Nd6 38.Kg2 Rc6 39.Be3 Nc8 40.g4 Nb6 41.Rc5 Rxc5 42.Bxc5 Na4 43.Bb4 Nxc3
44.Bxc3 f5 45.gxf5+ gxf5 46.Kg3 Kd5 47.Kf4 Kc5 48.Bd2 Kb5 49.Be3 c3 50.Kxf5 c2
51.Ke5 Kc4 52.Bc1 Kb3 53.Kd4 Ka2 54.f4 Kb1 55.Be3 Bxa6 56.f5 Be2 57.f6 Bh5
58.Kxe4 a5  0-1

[Event "URS-ch sf"]
[Site "Daugavpils"]
[Date "1978.??.??"]
[Round "?"]
[White "Rytov, Boris"]
[Black "Krivonosov, Oleg"]
[Result "1/2-1/2"]
[WhiteElo "2200"]
[BlackElo "2200"]

1.Nf3 d5 2.g3 Nf6 3.Bg2 Bg4 4.c4 c6 5.cxd5 cxd5 6.Qb3 Qb6 7.Qxb6 axb6 8.Nc3 Nc6
9.O-O e6 10.d3 Bxf3 11.Bxf3 Nd4 12.Bg2 Bb4 13.e3 Bxc3 14.bxc3 Ne2+ 15.Kh1 Nxc1
16.Rfxc1 Ke7 17.c4 Rhc8 18.Rcb1 Ra6 19.Rb2 Rc7 20.cxd5 Nxd5 21.d4 Kd7 22.g4 Nc3
23.Bf1 Ra3 24.Rxb6 Rxa2 25.Rxa2 Nxa2 26.Kg2 Nc3 27.Bd3 Nd5 28.Rb2 h6 29.Be4 Kc6
30.Kf3 Kd6 31.h4 f6 32.h5 Rd7 33.Bd3 Ke7 34.Rb3 Kd6 35.e4 Ne7 36.Ke3 Nc6
37.Bb5 Rc7 38.f4 e5 39.Bxc6 exd4+ 40.Kxd4 bxc6  1/2-1/2

[Event "URS-ch sf"]
[Site "Daugavpils"]
[Date "1978.??.??"]
[Round "?"]
[White "Petrosian, Arshak B"]
[Black "Faibisovich, Vadim Z"]
[Result "0-1"]
[WhiteElo "2415"]
[BlackElo "2460"]

1.Nf3 d5 2.g3 Nf6 3.Bg2 g6 4.d4 Bg7 5.c4 c6 6.Nbd2 O-O 7.O-O a5 8.b3 a4 9.Bb2 axb3
10.axb3 Rxa1 11.Qxa1 Na6 12.Ne5 Ng4 13.Nd3 Bf5 14.e4 dxe4 15.Nxe4 Bxe4 16.Bxe4 Qb6
17.Qa4 Bxd4 18.c5 Bxc5 19.Bxg6 hxg6 20.Qxg4 Qxb3 21.Qh4 f6 22.Qe4 Kf7 23.Nf4 Rg8
24.Rb1 Bd6 25.Bxf6 Nc5 26.Qe1 Qc4 27.Rb4 Nd3 28.Rxc4 Nxe1 29.Bc3 Nf3+ 30.Kg2 Ne5
31.Re4 Nd7 32.Ne6 g5 33.f4 gxf4 34.Nxf4 Nc5 35.Rd4 b5 36.Ne2 Ne6 37.Rh4 c5  0-1

[Event "URS-ch sf"]
[Site "Daugavpils"]
[Date "1978.??.??"]
[Round "?"]
[White "Zhidkov, Valery S"]
[Black "Butnorius, Algimantas"]
[Result "1/2-1/2"]
[WhiteElo "2520"]
[BlackElo "2350"]

1.Nf3 d5 2.g3 c6 3.Bg2 Bg4 4.c4 e6 5.O-O Nd7 6.cxd5 exd5 7.Nc3 Ngf6 8.h3 Bxf3
9.Bxf3 Bd6 10.d4 O-O 11.Kg2 Qe7 12.Qc2 Rae8 13.Qb3 Nb6 14.a4 Nc8 15.Bg5 h6
16.Bxf6 Qxf6 17.Qxb7 Ne7 18.e4 Qxd4 19.exd5 Rb8 20.Qd7 Rfd8 21.Qg4 Qxg4 22.hxg4 Nxd5
23.Bxd5 cxd5 24.Nxd5 Rxb2 25.Rad1 Kf8 26.Ne3 Bc7 27.Rxd8+ Bxd8 28.Rc1  1/2-1/2

[Event "DDR-ch 27th"]
[Site "Eggesin/Torgelow"]
[Date "1978.??.??"]
[Round "15"]
[White "Hesse, Peter"]
[Black "Espig, Lutz"]
[Result "1/2-1/2"]
[WhiteElo "2415"]
[BlackElo "2470"]

1.Nf3 d5 2.g3 c5 3.Bg2 Nc6 4.d3 g6 5.O-O Bg7 6.Nc3 Nf6 7.e4 O-O 8.h3 d4 9.Ne2 e5
10.Nd2 Nd7 11.f4 b5 12.Nf3 Nb6  1/2-1/2

[Event "Wch U20"]
[Site "Graz"]
[Date "1978.??.??"]
[Round "3"]
[White "Bergmans, Norbert"]
[Black "Taruffi, Daniele"]
[Result "0-1"]
[WhiteElo "2200"]
[BlackElo "2200"]

1.Nf3 d5 2.g3 Nf6 3.Bg2 c5 4.O-O Nc6 5.d3 g6 6.Nbd2 Bg7 7.e4 O-O 8.Re1 b6
9.Ng5 e5 10.exd5 Nxd5 11.Ngf3 Bb7 12.Nc4 Re8 13.a4 Qc7 14.Bd2 Rad8 15.Qc1 Nde7
16.h4 Nf5 17.Ng5 Nfd4 18.Ne4 f5 19.Ng5 h6 20.Nh3 Nb4 21.Ne3 Bxg2 22.Kxg2 Qc6+
23.Kf1 Qh1+ 24.Ng1 Nf3 25.Bxb4 Nxg1 26.Bc3 f4 27.Rd1 fxe3 28.Qxe3 Nf3+ 29.Ke2 Nd4+
30.Kd2 Qd5 31.Ra3 e4 32.Kc1 exd3 33.Qxd3 c4  0-1

[Event "Wch U20"]
[Site "Graz"]
[Date "1978.??.??"]
[Round "3"]
[White "Masculo, Jose"]
[Black "Toshkov, Tihomir"]
[Result "1-0"]
[WhiteElo "2200"]
[BlackElo "2200"]

1.g3 d5 2.Nf3 Bg4 3.Bg2 Nd7 4.c4 dxc4 5.Na3 c6 6.Nxc4 Ngf6 7.O-O g6 8.Nce5 Bxf3
9.Nxf3 Bg7 10.Rb1 O-O 11.b4 e5 12.b5 c5 13.Qc2 Re8 14.Ng5 Qc7 15.d3 h6 16.Ne4 Nxe4
17.Bxe4 Rad8 18.Be3 f5 19.Bg2 Re7 20.Rb4 b6 21.Rh4 h5 22.Qb3+ Kh7 23.Rc1 Bf6
24.Ra4 Nf8 25.Bd5 Qd6 26.Bg8+ Kg7 27.Ra6 Qc7 28.Bd5 g5 29.a4 h4 30.a5 Ng6
31.axb6 axb6 32.Ra8 Rxa8 33.Bxa8 e4 34.dxe4 f4 35.Bd2 hxg3 36.hxg3 Qc8 37.Bd5 Qh3
38.gxf4 Qxb3 39.Bxb3 gxf4 40.Bd5 Re5 41.Kg2 Rh5 42.Rh1 Rxh1 43.Kxh1 Bd4 44.Kg2 Kf6
45.Kf3 Kg5 46.e5 Bxe5 47.Bf7 Ne7 48.Ke4 Bc7 49.Be6 Kf6 50.Bh3 Ng6 51.Bc3+ Kf7
52.Bg4 Ke7 53.Bf5 Kf7 54.Bd2 Ne7 55.Bxf4 Bxf4 56.Kxf4 Nd5+ 57.Ke5 Nc3 58.Bd3 Nd1
59.Kd6 Nxf2 60.Kc6 Ke6 61.Kxb6 Kd5 62.Ka7 Ng4 63.b6 Ne5 64.Bb5  1-0

[Event "Wch U20"]
[Site "Graz"]
[Date "1978.??.??"]
[Round "4"]
[White "Fries Nielsen, Jens Ove"]
[Black "Dolmatov, Sergey"]
[Result "1/2-1/2"]
[WhiteElo "2300"]
[BlackElo "2495"]

1.Nf3 d5 2.g3 Nf6 3.Bg2 c6 4.O-O Bg4 5.b3 Nbd7 6.Bb2 Qc7 7.c4 dxc4 8.bxc4 e5
9.d3 Bd6 10.Nc3 Nc5 11.Ng5 O-O 12.Rb1 Rad8 13.Qc2 h6 14.Nge4 Nfxe4 15.Nxe4 Nxe4
16.Bxe4  1/2-1/2

[Event "Wch U20"]
[Site "Graz"]
[Date "1978.??.??"]
[Round "11"]
[White "Masculo, Jose"]
[Black "Sisniega, Marcel"]
[Result "0-1"]
[WhiteElo "2200"]
[BlackElo "2455"]

1.Nf3 d5 2.g3 c6 3.c4 Nf6 4.Bg2 Bf5 5.cxd5 cxd5 6.Qb3 Qc8 7.Nc3 e6 8.d3 Be7
9.Bf4 O-O 10.Rc1 Nc6 11.O-O h6 12.Ne5 Nh5 13.e4 Nxf4 14.gxf4 dxe4 15.dxe4 Nxe5
16.fxe5 Bg4 17.h3 Bh5 18.Nd5 Qd8 19.Nf4 Bg5 20.Qg3 Bxf4 21.Qxf4 Qb6 22.Rc2 Rac8
23.Rfc1 Rxc2 24.Rxc2 Rd8 25.Kh2 Qd4 26.b3 Rd7 27.Qg3 Kh7 28.f4 Qd1 29.Qf2 Rd3
30.f5 Qa1 31.Qf4 Qe1 32.fxe6 fxe6 33.Rc7 Bg6 34.Rxb7 Rd1 35.Qf6 Qg1+ 36.Kg3 Rd3+
37.Qf3 Rxf3+ 38.Kxf3 Bxe4+  0-1

[Event "Wch U20"]
[Site "Graz"]
[Date "1978.??.??"]
[Round "11"]
[White "Bergmans, Norbert"]
[Black "Karadag, Cem"]
[Result "1-0"]
[WhiteElo "2200"]
[BlackElo "2200"]

1.Nf3 d5 2.g3 Nf6 3.Bg2 Bf5 4.O-O h6 5.c4 c6 6.cxd5 cxd5 7.Nc3 e6 8.Qb3 Qc8
9.d4 Be7 10.Bf4 Nh5 11.Bd2 O-O 12.Rfc1 Nc6 13.Na4 Nf6 14.Ne5 Qc7 15.Nxc6 bxc6
16.Nc5 Rab8 17.Qa3 Rb5 18.b4 Bd6 19.Bf1 Bxc5 20.bxc5 Ne4 21.Be1 Qb7 22.f3 Nf6
23.e3 Rb2 24.Ba6 Qb8 25.Bc3 Rc2 26.Rxc2 Bxc2 27.Rc1 Bg6 28.Qa4 Qc7 29.Ba5 Qd7
30.Qb4 h5 31.Rc3 h4 32.Qb7 Qe8 33.Bc7 Qd7 34.Bd6 Rd8 35.Rb3 Bc2 36.Qxd7 Nxd7
37.Rb7 h3 38.Rxa7 Nb8 39.Ra8 Nxa6 40.Rxd8+ Kh7 41.a3 Ba4 42.Ra8 Bb5 43.Ra7 Kg6
44.Rb7 Bd3 45.Rb6 Bb5 46.Rxb5 cxb5 47.c6  1-0

[Event "DEN-ch"]
[Site "Horsens"]
[Date "1978.??.??"]
[Round "4"]
[White "Hansen, J."]
[Black "Fries Nielsen, Jens Ove"]
[Result "0-1"]
[WhiteElo "2360"]
[BlackElo "2300"]

1.g3 d5 2.Nf3 Nf6 3.Bg2 c6 4.O-O Bg4 5.d3 Nbd7 6.Nbd2 e6 7.h3 Bh5 8.Qe1 Qc7
9.e4 dxe4 10.dxe4 e5 11.Nh4 O-O-O 12.Nc4 Nb6 13.Ne3 Na4 14.b3 Nc5 15.Bb2 Ne6
16.Kh2 Nd4 17.f3 Nd7 18.b4 f6 19.c3 Ne6 20.Rf2 Bf7 21.Rd2 g6 22.Bf1 Be7 23.Nhg2 Ng5
24.Rf2 Be6 25.h4 Nf7 26.Bc4 Bxc4 27.Nxc4 f5 28.Rd1 Nf6 29.Rfd2 fxe4 30.fxe4 g5
31.Qe2 h5 32.Rxd8+ Bxd8 33.Qf3 gxh4 34.gxh4 Rg8 35.Kh1 Nh6 36.Nd6+ Kb8 37.c4 Nhg4
38.c5 Qh7 39.Rd2 Bc7 40.Re2 Bxd6 41.cxd6 Qd7 42.Rd2 Qe6 43.Ne3 Nxe3 44.Qxe3 Rg4
45.Qf2 Rf4 46.Qg3 Nxe4 47.Qh2 Nxd2 48.d7 Rf1+ 49.Kg2 Qd5+ 50.Kg3 Qf3+  0-1

[Event "Kiev"]
[Site "Kiev"]
[Date "1978.??.??"]
[Round "5"]
[White "Savon, Vladimir A"]
[Black "Farago, Ivan"]
[Result "1/2-1/2"]
[WhiteElo "2560"]
[BlackElo "2510"]

1.Nf3 d5 2.g3 Nf6 3.Bg2 c6 4.O-O Bg4 5.d3 e6 6.Nbd2 Be7 7.h3 Bh5 8.e4 O-O
9.Qe2 Nbd7 10.g4 Bg6 11.Nh4 dxe4 12.Nxg6 hxg6 13.Nxe4 Nxe4 14.Qxe4 e5 15.f4 exf4
16.Bxf4 Nc5 17.Qc4  1/2-1/2

[Event "Makarczyk mem"]
[Site "Lodz"]
[Date "1978.??.??"]
[Round "17"]
[White "Luczak, Andrzej"]
[Black "Kirov, Nino"]
[Result "1/2-1/2"]
[WhiteElo "2200"]
[BlackElo "2465"]

1.Nf3 d5 2.g3 c5 3.Bg2 g6 4.O-O Bg7 5.d4 cxd4 6.Nxd4 e5 7.Nb5 d4 8.c3 a6
9.Qa4 Nc6 10.cxd4 Bf5 11.N1c3 exd4 12.Nd5 Be6 13.e4 Nge7 14.Bg5 O-O 15.Nxe7+ Nxe7
16.Qa3 Re8 17.Nd6 h6 18.Bf4 Nc6 19.Nc4 d3 20.Bd6 Bxb2 21.Qxd3 Bg7 22.h3 Rc8
23.Qb1 b5 24.Ne5 Nxe5 25.Bxe5 Qe7 26.Bxg7 Kxg7 27.Qb2+ Kh7 28.f4 Bc4 29.Rf2 Rcd8
30.Rd2 Rxd2 31.Qxd2 Rd8 32.Qe1 f6 33.Rd1 f5 34.Rxd8 Qxd8 35.exf5 gxf5  1/2-1/2

[Event "Lloyds Bank op"]
[Site "London"]
[Date "1978.??.??"]
[Round "?"]
[White "Masculo, Jose"]
[Black "Kraidman, Yair"]
[Result "1/2-1/2"]
[WhiteElo "2200"]
[BlackElo "2455"]

1.g3 d5 2.Nf3 c5 3.c4 d4 4.b4 cxb4 5.a3 bxa3 6.Bxa3 Nc6 7.d3 g6 8.Bg2 Bg7
9.Nbd2 Nh6 10.O-O O-O 11.Qa4 Qc7 12.Rfb1 Nf5 13.Nb3 b6 14.c5 Bd7 15.Rc1 Rfb8
16.cxb6 axb6 17.Qc4 b5 18.Qc5 e6 19.Nfxd4 Bf8 20.Nxb5 Bxc5 21.Nxc7 Bxa3 22.Nxa8 Rxb3
23.Bxc6 Bxc1 24.Bxd7 Nd4 25.Ba4 Nxe2+ 26.Kf1 Rb8 27.Kxe2 Rxa8 28.Ra2 Bg5
29.h4 Bf6 30.Bb3 Rb8 31.Bc4 Bd4 32.Kf3 Kg7 33.Re2 Kf6 34.Re4 Ba7 35.Re2 h5
36.Re1 Kf5 37.Re2 Rb7 38.Re1 Rb2 39.Re2 Rxe2 40.Kxe2 Kg4 41.Bb5 g5 42.hxg5  1/2-1/2